00773 2200289 4500001002100000005001500021035002500036040001200061100001900073245005600092250001600148300002500164020002200189041000800211082001200219084001800231090001900249260003200268650001000300850001000310008004100320700002000361990002700381990002700408990002700435990002100462INLIS00000000000034220260607123026 a0010-041600000000007 aSBPUPAD aKristina Erika1 aChat,Love and Danny/Khristina Erika;editor, Maydina aEd.1.-cet.3 avi+202 hlm. ;c21 cm a978-979-29-3543-1 aind a899.221 a899.221 KRI c a412 ABD r 14-8 aYogyakarta :bSheila,c2015 4aFiksi aPUPAD260607 1  aeditor, Maydina a21918/BR/KAPD-PDG/2015 a21919/BR/KAPD-PDG/2015 a21920/BR/KAPD-PDG/2015 a21921/BR/KAPD/15